00358nam a2200145 a 450000100060000000300090000600800410001504000280005608200140008410000190009824500290011726000360014630000080018265000220019014122CO-ViMGA141112s2004 ck r 000 u spa d aCO-ViMGAbspacCO-ViMGA04aV863 C4621 aChocron, Isaac10aPajaro de mar por tierra aCaracas : bMonte Avila, c1982 a29614aNOVELA VENEZOLANA